000 01365nam a2200337Ia 4500
001 ebr10634107
003 CaPaEBR
006 m u
007 cr cn|||||||||
008 121227r20122011enk sb 000 0 eng d
020 _z9780227680346
020 _z9780227900987 (ebook)
040 _aCaPaEBR
_cCaPaEBR
035 _a(OCoLC)847592075
050 1 4 _aBR1642.G7
_bR67 2012eb
100 1 _aRosman, Doreen M.
245 1 0 _aEvangelicals and culture
_h[electronic resource] /
_cDoreen M. Rosman ; foreword by David Bebbington.
250 _a2nd ed.
260 _aCambridge, U.K. :
_bJames Clarke & Co.,
_c2012, c2011.
300 _aviii, 187 p.
504 _aIncludes bibliographical references.
533 _aElectronic reproduction.
_bPalo Alto, Calif. :
_cebrary,
_d2013.
_nAvailable via World Wide Web.
_nAccess may be limited to ebrary affiliated libraries.
650 0 _aEvangelicalism
_zEngland
_xHistory
_y18th century.
650 0 _aEvangelicalism
_zEngland
_xHistory
_y19th century.
650 0 _aChristianity and culture.
651 0 _aEngland
_xIntellectual life
_y18th century.
651 0 _aEngland
_xIntellectual life
_y19th century.
655 7 _aElectronic books.
_2local
710 2 _aebrary, Inc.
856 4 0 _uhttp://site.ebrary.com/lib/rucke/Doc?id=10634107
_zAn electronic book accessible through the World Wide Web; click to view
999 _c47327
_d47327